Sbírka úloh z matematiky pro střední průmyslové školy a střední zemědělské technické školy /

Saved in:
Bibliographic Details
Main Author: Kriegelstein, Eduard (Author)
Format: Book
Language:Czech
Published: Praha : Státní pedagogické nakladatelství, 1973
Edition:4. vyd.
Subjects:
Online Access: Get full text
Tags: Add Tag
No Tags, Be the first to tag this record!

MARC

LEADER 00000cam a2200000 4500
003 SK-BrCVT
005 20220621172057.0
008 090707s1973 cs e ||||||cze d
035 |a CVTIDW1503407 
040 |b slo  |a CVTI SR  |e AACR2 
041 0 |a cze 
044 |a cs 
100 1 |a Kriegelstein, Eduard  |4 aut 
245 1 0 |a Sbírka úloh z matematiky pro střední průmyslové školy a střední zemědělské technické školy /  |c Zpracoval: Eduard Kriegelstein ... [et al.] 
250 |a 4. vyd. 
260 |a Praha :  |b Státní pedagogické nakladatelství,  |c 1973 
300 |a 447 s. 
653 1 |a matematika 
653 1 |a stredná škola 
910 |b A301878 
974 |f Knihy 
992 |a AUS 
999 |c 192858  |d 192858